00870cam a2200217 a 450000500170000000800410001702000150005804000350007304100080010804400070011608200170012310000320014024501610017226000490033330000770038250400420045965000330050165000360053470000430057070000390061320200104041548.0990921s1996 ck ado r 00 00spa d a9589206859 aCO-BoPUJcCO-BoIAVHdCO-BoIAVH0 aspa ack04a636.4bT17g11 aTapia Roman, Medardoeautor10aGuía para el manejo y cría del pecari o puerco sahino :bPecari tajacucMedardo Tapia Roman ; editado por Henry Yesid Bernal y Mabel Farfán Martínez aBogotá : bConvenio Andrés Bello,c1996. a37 páginas : bilustraciones, diagramas, fotografías ; c28 x 22 cm. aIncluye referencias bibliográficas.24aCría de pecarísvGuías26aConservación de la naturaleza1 aBernal Malagón, Henry Yesid,eeditor1 aFarfán Martínez, Mabeleeditor